Rojo y negro / [por] Stendhal ; tr. por Aurora Martí y Julio C. Acerete

Guardat en:
Dades bibliogràfiques
Autor principal: Stendhal (autor)
Format: Llibre
Col·lecció:Col. "Joyas Literarias Bruguera"
Matèries:
Etiquetes: Afegir etiqueta
Sense etiquetes, Sigues el primer a etiquetar aquest registre!

MARC

LEADER 00000nam^a2200000^u^4500
001 000544886
005 20250521000000.0
008 060220s1000^^^^^^^^^^^^r^^^^^000^0^spa^d
009 20260310131337.308
035 |a FMI 000014198 
037 |a Acervo Xavier Clavigero 
096 |a 9.1.1/1/B 
100 |a Stendhal  |e (autor) 
245 1 0 |a Rojo y negro / [por] Stendhal ; tr. por Aurora Martí y Julio C. Acerete 
264 |a Barcelona : Bruguera, 1978 
300 |a (paginación varia) 
336 |a texto  |b txt  |2 rdacontenido 
337 |a sin mediación  |b n  |2 rdamedio 
338 |a volumen  |b nc  |2 rdasoporte 
440 0 |a Col. "Joyas Literarias Bruguera" 
597 |a Trad. ("Le Rouge et le Noir" / "La Chartreuse de Parma"). 
649 |a XX 
650 |a NOVELA 
910 |a Fondo Francisco Migoya Covarrubias S.J. 
920 |a Impresos - Libros 
930 |a Fondos Especiales 
905 |a 134 
901 |a SBC07648  |b IT2  |c ESP  |u 20250521 
902 |a https://opac.biblio.iteso.mx/vufind/Record/000544886